[Event "Festival INGEM - PLZEŇ 2012"]
[Site "Plzeň (Česká republika)"]
[Date "2012.08.18"]
[Round "1.1"]
[White "Roew, Rolf"]
[Black "Michalek, Jan"]
[Result "1-0"]
[WhiteElo "1811"]
[BlackElo "2327"]
[PlyCount "41"]
[EventDate "2012.08.18"]
[Source "ChessBase"]
[SourceDate "1996.11.15"]

1. e4 g6 2. d4 d6 3. Nf3 Bg7 4. Nc3 a6 5. Be2 Nf6 6. O-O O-O 7. Re1 e6 8. h3 b5
9. e5 Ne8 10. Ne4 h6 11. Bf4 Bb7 12. Bd3 f5 13. exf6 Nxf6 14. Qd2 g5 15. Nexg5
hxg5 16. Nxg5 Qd7 17. Nxe6 Qc6 18. f3 Nbd7 19. Bh6 Rf7 20. Bxg7 Rxg7 21. Nxg7
1-0

[Event "Festival INGEM - PLZEŇ 2012"]
[Site "Plzeň (Česká republika)"]
[Date "2012.08.18"]
[Round "1.2"]
[White "Vlasak, Lukas"]
[Black "Molnar, Ladislav"]
[Result "1-0"]
[WhiteElo "2291"]
[BlackElo "1807"]
[PlyCount "105"]
[EventDate "2012.08.18"]
[Source "ChessBase"]
[SourceDate "1996.11.15"]

1. e4 e5 2. Nf3 Nc6 3. Bb5 Bc5 4. c3 d6 5. d4 exd4 6. cxd4 Bb4+ 7. Nc3 Bd7 8.
O-O a6 9. Ba4 b6 10. h3 Nge7 11. Bc2 O-O 12. a3 Bxc3 13. bxc3 Ng6 14. Re1 Qf6
15. Qd3 Rad8 16. Rb1 b5 17. Nh2 Qh4 18. Bd2 f5 19. Nf3 Qf6 20. Qf1 fxe4 21.
Bxe4 Rde8 22. a4 Na5 23. axb5 axb5 24. Rxb5 Bxb5 25. Qxb5 c6 26. Qxa5 d5 27.
Bc2 Rxe1+ 28. Bxe1 Nf4 29. Qc7 Nxg2 30. Qg3 Nxe1 31. Nxe1 Re8 32. Nf3 Re2 33.
Bd3 Re8 34. Ne5 g5 35. Qg4 Rf8 36. f3 Ra8 37. Kg2 c5 38. h4 c4 39. Bf5 Ra2+ 40.
Kh3 Ra6 41. Bg6 Rd6 42. Qc8+ Rd8 43. Qc7 gxh4 44. Qxh7+ Kf8 45. Bf5 Qg7 46.
Ng6+ Kf7 47. Be6+ Kf6 48. Qxg7+ Kxg7 49. Nf4 Kf6 50. Kxh4 Rb8 51. Bxd5 Rb2 52.
Bxc4 Kf5 53. Kg3 1-0

[Event "Festival INGEM - PLZEŇ 2012"]
[Site "Plzeň (Česká republika)"]
[Date "2012.08.18"]
[Round "1.3"]
[White "Silhavy, Miroslav"]
[Black "Haba, Zdenek"]
[Result "0-1"]
[WhiteElo "1781"]
[BlackElo "2236"]
[PlyCount "88"]
[EventDate "2012.08.18"]
[Source "ChessBase"]
[SourceDate "1996.11.15"]

1. e4 c5 2. Nf3 d6 3. d4 cxd4 4. Nxd4 Nf6 5. Nc3 a6 6. Bd3 Nc6 7. Nb3 g6 8. h3
Bg7 9. O-O O-O 10. Kh1 d5 11. exd5 Nxd5 12. Nxd5 Qxd5 13. Kg1 Nb4 14. Be2 Qxd1
15. Bxd1 Bf5 16. c3 Nc2 17. Bxc2 Bxc2 18. Nd4 Ba4 19. b3 Bd7 20. Bb2 e5 21. Nc2
b5 22. Rfe1 Rfe8 23. Rad1 Be6 24. f3 a5 25. Ne3 a4 26. Nd5 Bxd5 27. Rxd5 axb3
28. axb3 Ra2 29. Ba1 Rea8 30. Rdd1 f6 31. c4 b4 32. c5 Bf8 33. c6 Bc5+ 34. Kh1
Rc8 35. f4 exf4 36. Re6 Rc2 37. Rxf6 Be3 38. Kh2 R2xc6 39. Rxc6 Rxc6 40. Rd8+
Kf7 41. Rd7+ Ke6 42. Rxh7 Rc1 43. Bh8 Bg1+ 44. Kh1 Bf2+ 0-1

[Event "Festival INGEM - PLZEŇ 2012"]
[Site "Plzeň (Česká republika)"]
[Date "2012.08.18"]
[Round "1.5"]
[White "Heidebreck, Rainer"]
[Black "Mukashev, Assan"]
[Result "0-1"]
[WhiteElo "1761"]
[BlackElo "2217"]
[PlyCount "46"]
[EventDate "2012.08.18"]
[Source "ChessBase"]
[SourceDate "1996.11.15"]

1. e4 e6 2. d4 d5 3. Nc3 Nf6 4. exd5 exd5 5. Bb5+ c6 6. Be2 Bb4 7. a3 Ba5 8.
Nf3 Ne4 9. Bd2 Nxd2 10. Qxd2 O-O 11. O-O Nd7 12. Rfe1 Bc7 13. Bd3 Nf6 14. Ne2
Ne4 15. Qd1 Bg4 16. Ng3 f5 17. Be2 Nxg3 18. hxg3 f4 19. gxf4 Rxf4 20. g3 Re4
21. Kg2 Qf6 22. c3 Rf8 23. Qd3 Rxe2 0-1

[Event "Festival INGEM - PLZEŇ 2012"]
[Site "Plzeň (Česká republika)"]
[Date "2012.08.18"]
[Round "1.7"]
[White "Novy, Jan"]
[Black "Sura, Jaroslav"]
[Result "0-1"]
[WhiteElo "1723"]
[BlackElo "2123"]
[PlyCount "102"]
[EventDate "2012.08.18"]
[Source "ChessBase"]
[SourceDate "1996.11.15"]

1. c4 Nf6 2. Nc3 d6 3. g3 g6 4. Bg2 Bg7 5. Nf3 Nbd7 6. O-O O-O 7. d4 c6 8. Qc2
e5 9. dxe5 dxe5 10. Rd1 Qc7 11. Rb1 a5 12. b3 Re8 13. Ba3 Bf8 14. Bxf8 Kxf8 15.
Ng5 Nc5 16. Rbc1 h6 17. Nh3 Kg7 18. Qd2 Bf5 19. f3 Qb6 20. Kh1 e4 21. Qb2 exf3
22. exf3 Nd3 23. Rxd3 Bxd3 24. g4 Rad8 25. Nf4 Qe3 26. Nxd3 Rxd3 27. Ne4 Qd4
28. Qxd4 Rxd4 29. Nc3 Re3 30. h4 Rdd3 31. Na4 Nd7 32. Rc2 Ne5 33. Nc5 Rd1+ 34.
Kh2 b6 35. Na4 Nxf3+ 36. Bxf3 Rxf3 37. Nxb6 Rdd3 38. h5 g5 39. Rg2 Rh3+ 40. Kg1
Rhg3 41. Na4 Rxg2+ 42. Kxg2 Rd2+ 43. Kf3 Rxa2 44. Nc5 Kf6 45. Ke4 Rg2 46. Kf3
Rb2 47. Ke4 Ke7 48. Ke5 Rg2 49. Kf5 Rf2+ 50. Ke5 Rf4 51. Nb7 f6# 0-1

[Event "Festival INGEM - PLZEŇ 2012"]
[Site "Plzeň (Česká republika)"]
[Date "2012.08.18"]
[Round "1.8"]
[White "Eretova, Jana"]
[Black "Hollan, Petr"]
[Result "1/2-1/2"]
[WhiteElo "2087"]
[BlackElo "1718"]
[PlyCount "64"]
[EventDate "2012.08.18"]
[Source "ChessBase"]
[SourceDate "1996.11.15"]

1. Nf3 Nf6 2. g3 g6 3. Bg2 Bg7 4. O-O O-O 5. d3 d5 6. Nbd2 c6 7. e4 dxe4 8.
dxe4 Qc7 9. Qe2 Bg4 10. h3 Bxf3 11. Bxf3 Nbd7 12. Nc4 Ne5 13. Nxe5 Qxe5 14. c3
Qc7 15. e5 Nd5 16. c4 Nb6 17. Bf4 e6 18. Rfe1 Rad8 19. h4 h6 20. b3 Nd7 21. Qe3
Qb6 22. Qxb6 axb6 23. b4 g5 24. hxg5 hxg5 25. Bxg5 Nxe5 26. Be2 Ra8 27. a4 b5
28. cxb5 cxb5 29. a5 Nc6 30. Rac1 Nxb4 31. Be7 Na2 32. Rc7 Bc3 1/2-1/2

[Event "Festival INGEM - PLZEŇ 2012"]
[Site "Plzeň (Česká republika)"]
[Date "2012.08.18"]
[Round "1.9"]
[White "Veselsky, Jan"]
[Black "Ondrejat, Miroslav"]
[Result "0-1"]
[WhiteElo "1718"]
[BlackElo "2060"]
[PlyCount "74"]
[EventDate "2012.08.18"]
[Source "ChessBase"]
[SourceDate "1996.11.15"]

1. d4 Nf6 2. c4 c5 3. d5 e5 4. Nc3 d6 5. e4 Be7 6. Nf3 O-O 7. Be2 a6 8. O-O Ne8
9. a3 Nd7 10. Nd2 g6 11. b4 Ng7 12. Bb2 b6 13. bxc5 bxc5 14. f4 exf4 15. Rxf4
Rb8 16. Qc2 Bg5 17. Rff1 Ne5 18. Kh1 Bd7 19. Nf3 Bf6 20. Rab1 Nxf3 21. Rxf3 Be5
22. Nd1 Qe7 23. Bxe5 Qxe5 24. Rfb3 Rxb3 25. Qxb3 Qxe4 26. Nc3 Qe3 27. Bf3 Bf5
28. Rf1 Re8 29. Qb2 Bd3 30. Nd1 Qe5 31. Rg1 Bxc4 32. Qb6 Nf5 33. Nf2 h5 34. Nh3
Nh4 35. Qc6 Nxf3 36. gxf3 Bxd5 37. Qxa6 Bxf3+ 0-1

[Event "Festival INGEM - PLZEŇ 2012"]
[Site "Plzeň (Česká republika)"]
[Date "2012.08.18"]
[Round "1.10"]
[White "Chalus, Karel"]
[Black "Lorenc, David"]
[Result "0-1"]
[WhiteElo "2049"]
[BlackElo "1699"]
[PlyCount "60"]
[EventDate "2012.08.18"]
[Source "ChessBase"]
[SourceDate "1996.11.15"]

1. e4 c5 2. Nf3 d6 3. d4 cxd4 4. Nxd4 Nf6 5. Nc3 a6 6. a4 Qc7 7. Be2 e6 8. O-O
Be7 9. Be3 Nc6 10. f4 O-O 11. Kh1 Rd8 12. Bf3 Na5 13. Qc1 Bd7 14. g4 Bc6 15. g5
Nd7 16. b4 Nc4 17. Bf2 b5 18. axb5 axb5 19. Ncxb5 Bxb5 20. Nxb5 Qb7 21. Na7
Ndb6 22. Nb5 Rxa1 23. Qxa1 Nd2 24. Bg2 Nxf1 25. Qxf1 Rc8 26. c3 Nc4 27. Nd4 Bd8
28. Qd3 Bb6 29. Be1 Bxd4 30. Qxd4 Qa6 0-1

[Event "Festival INGEM - PLZEŇ 2012"]
[Site "Plzeň (Česká republika)"]
[Date "2012.08.18"]
[Round "1.11"]
[White "Kellner, Rene"]
[Black "Sladek, Jaroslav"]
[Result "0-1"]
[WhiteElo "1688"]
[BlackElo "2011"]
[PlyCount "20"]
[EventDate "2012.08.18"]
[Source "ChessBase"]
[SourceDate "1996.11.15"]

1. e4 d5 2. exd5 Nf6 3. d4 Qxd5 4. c4 Qe4+ 5. Be3 e5 6. Nc3 Bb4 7. Qa4+ Nc6 8.
d5 Nxd5 9. cxd5 Bxc3+ 10. bxc3 Qxa4 0-1

[Event "Festival INGEM - PLZEŇ 2012"]
[Site "Plzeň (Česká republika)"]
[Date "2012.08.18"]
[Round "1.12"]
[White "Smilek, Petr"]
[Black "Hollan, Martin"]
[Result "1-0"]
[WhiteElo "1991"]
[BlackElo "1670"]
[PlyCount "223"]
[EventDate "2012.08.18"]
[Source "ChessBase"]
[SourceDate "1996.11.15"]

1. d4 d5 2. c4 e6 3. Nc3 Nf6 4. cxd5 exd5 5. Bg5 Be7 6. e3 c6 7. Bd3 O-O 8. Qc2
h6 9. Bh4 Re8 10. Nf3 Ne4 11. Bg3 Bb4 12. O-O Bf5 13. a3 Bxc3 14. bxc3 Nd7 15.
Rfb1 b6 16. c4 Rc8 17. Rc1 Qf6 18. Be5 Nxe5 19. dxe5 Qg6 20. Nh4 Qh5 21. Nxf5
Qxf5 22. f3 Qg5 23. fxe4 Qxe3+ 24. Kh1 dxe4 25. Bxe4 Rxe5 26. Re1 Qc5 27. Re2
Rce8 28. Rae1 Qxa3 29. c5 bxc5 30. h3 Kh8 31. Bxc6 Rxe2 32. Rxe2 Qa1+ 33. Kh2
Rxe2 34. Qxe2 Qf6 35. Qe8+ Kh7 36. Be4+ g6 37. Qc6 Qe5+ 38. g3 Qb2+ 39. Bg2 Qe5
40. Qd7 Kg7 41. Qxa7 h5 42. Qa4 g5 43. Qe4 Qf6 44. g4 Qd6+ 45. Kg1 Qd1+ 46. Kf2
Qd2+ 47. Kf3 Qd1+ 48. Qe2 Qd5+ 49. Kf2 Qd4+ 50. Ke1 Qc3+ 51. Qd2 Qa1+ 52. Ke2
Qe5+ 53. Kd1 Qa1+ 54. Kc2 Qa2+ 55. Kd3 Qa6+ 56. Kc2 Qa2+ 57. Kd1 Qa1+ 58. Qc1
Qa4+ 59. Ke2 Qa2+ 60. Kf1 f6 61. Qxc5 Qa6+ 62. Kf2 Qa2+ 63. Kf3 Qe6 64. Bf1 Qd7
65. Qf5 Qd1+ 66. Ke4 Qe1+ 67. Kd4 Qa1+ 68. Kc5 Qa7+ 69. Kc6 Qa8+ 70. Kc7 Qa7+
71. Kd8 Qb6+ 72. Ke7 Qb4+ 73. Ke6 Qb6+ 74. Kd5 Qa5+ 75. Kd4 Qa1+ 76. Ke3 Qe1+
77. Kd3 Qd1+ 78. Kc3 Qe1+ 79. Kc2 Qe7 80. Bd3 Qc7+ 81. Kd1 Qb6 82. Qg6+ Kf8 83.
Qh6+ Ke7 84. Qg7+ Kd8 85. Qf8+ Kc7 86. Qe7+ Kb8 87. gxh5 Qb3+ 88. Ke2 Qa2+ 89.
Kf3 Qd5+ 90. Qe4 Qd7 91. Qb4+ Kc7 92. Qc5+ Kd8 93. Bf5 Qd1+ 94. Ke4 Qb1+ 95.
Kd4 Qa1+ 96. Kd5 Qa2+ 97. Kc6 Qa4+ 98. Kb7 g4 99. Qf8+ Qe8 100. Qxf6+ Qe7+ 101.
Qxe7+ Kxe7 102. hxg4 Kf7 103. g5 Kg7 104. Kc7 Kh8 105. Kd7 Kg7 106. Ke7 Kh8
107. Bd7 Kg7 108. h6+ Kg6 109. Bf5+ Kxf5 110. h7 Kg6 111. h8=Q Kf5 112. Qf6+
1-0

[Event "Festival INGEM - PLZEŇ 2012"]
[Site "Plzeň (Česká republika)"]
[Date "2012.08.18"]
[Round "1.13"]
[White "Dungl, Martin"]
[Black "Vecera, Petr"]
[Result "1/2-1/2"]
[WhiteElo "1991"]
[BlackElo "1986"]
[PlyCount "27"]
[EventDate "2012.08.18"]
[Source "ChessBase"]
[SourceDate "1996.11.15"]

1. Nf3 d6 2. c4 e5 3. Nc3 Nc6 4. g3 Be7 5. Bg2 f5 6. d3 Nf6 7. Bg5 O-O 8. O-O
Be6 9. Nd2 h6 10. Bxf6 Bxf6 11. Nd5 Rb8 12. Rb1 Ne7 13. b4 c6 14. Nxf6+ 1/2-1/2

[Event "Festival INGEM - PLZEŇ 2012"]
[Site "Plzeň (Česká republika)"]
[Date "2012.08.18"]
[Round "1.15"]
[White "Cecil, Pavel"]
[Black "Leseticky, Vladimir"]
[Result "1-0"]
[WhiteElo "1965"]
[BlackElo "1647"]
[PlyCount "65"]
[EventDate "2012.08.18"]
[Source "ChessBase"]
[SourceDate "1996.11.15"]

1. d4 Nf6 2. c4 e6 3. Nf3 Bb4+ 4. Bd2 Bxd2+ 5. Nbxd2 d5 6. e3 O-O 7. Bd3 Nc6 8.
Rc1 Ne7 9. Ne5 dxc4 10. Rxc4 Ned5 11. O-O c6 12. Ne4 Nxe4 13. Bxe4 f5 14. Bb1
Qh4 15. g3 Qh6 16. h4 Rf6 17. h5 Qg5 18. Kg2 Rh6 19. Rh1 b6 20. Nf3 Qe7 21.
Rxc6 Bb7 22. Rc1 Qe8 23. Qe2 Rxh5 24. Rxh5 Qxh5 25. Rh1 Qg6 26. Rh4 Rc8 27. e4
Rc1 28. exd5 Rxb1 29. dxe6 Qe8 30. Qe5 Qa8 31. Rf4 Ba6 32. Qxf5 Bf1+ 33. Kh2
1-0

[Event "Festival INGEM - PLZEŇ 2012"]
[Site "Plzeň (Česká republika)"]
[Date "2012.08.18"]
[Round "1.16"]
[White "Holy, Filip"]
[Black "Bartosek, Ivan"]
[Result "0-1"]
[WhiteElo "1579"]
[BlackElo "1941"]
[PlyCount "62"]
[EventDate "2012.08.18"]
[Source "ChessBase"]
[SourceDate "1996.11.15"]

1. e4 e5 2. Nf3 Nc6 3. d4 exd4 4. Nxd4 Bc5 5. Nb3 Bb6 6. Bd3 d6 7. Nc3 h6 8.
O-O Qh4 9. Nd5 Nge7 10. Nxb6 axb6 11. Bd2 O-O 12. f4 f5 13. g3 Qh3 14. Re1 fxe4
15. Bxe4 Bg4 16. Qc1 Nf5 17. Bg2 Qh5 18. Bc3 Ra4 19. Qd2 Bf3 20. Bxf3 Qxf3 21.
Qg2 Qg4 22. Qe2 Rxf4 23. Qg2 Ra4 24. a3 Qg6 25. Rad1 Kh8 26. Kh1 b5 27. Re2 Rg4
28. Rde1 Rg5 29. Re6 Qh5 30. Qh3 Nxg3+ 31. Qxg3 Rxg3 0-1

[Event "Festival INGEM - PLZEŇ 2012"]
[Site "Plzeň (Česká republika)"]
[Date "2012.08.18"]
[Round "1.17"]
[White "Pokorny, Jiri"]
[Black "Smrckova, Svetlana"]
[Result "1-0"]
[WhiteElo "1939"]
[BlackElo "1578"]
[PlyCount "63"]
[EventDate "2012.08.18"]
[Source "ChessBase"]
[SourceDate "1996.11.15"]

1. e4 c5 2. Nf3 e6 3. d4 cxd4 4. Nxd4 a6 5. Bd3 Qc7 6. O-O b5 7. Re1 Bb7 8. b3
Nf6 9. Bb2 Be7 10. Nd2 O-O 11. c4 bxc4 12. Nxc4 d5 13. exd5 Bxd5 14. Rc1 Qb7
15. Ne3 Be4 16. Bxe4 Qxe4 17. Nef5 Qb7 18. Nxe7+ Qxe7 19. Qf3 Nbd7 20. Nc6 Qe8
21. Ba3 Nd5 22. Bxf8 Qxf8 23. Ne5 N7f6 24. Qe2 a5 25. Qb5 Nb4 26. Re2 Qd6 27.
Qb7 Rf8 28. Qc7 Qa6 29. Rd2 Nfd5 30. Qd7 Nf4 31. Rc4 Qa8 32. Rxf4 1-0

[Event "Festival INGEM - PLZEŇ 2012"]
[Site "Plzeň (Česká republika)"]
[Date "2012.08.18"]
[Round "1.18"]
[White "Fakan, Petr"]
[Black "Hercik, Josef"]
[Result "0-1"]
[WhiteElo "1495"]
[BlackElo "1935"]
[PlyCount "48"]
[EventDate "2012.08.18"]
[Source "ChessBase"]
[SourceDate "1996.11.15"]

1. e4 e5 2. Nf3 Nc6 3. d4 exd4 4. Bc4 Be7 5. c3 d6 6. cxd4 Bf6 7. Be3 Qe7 8.
Nc3 Bg4 9. O-O Bxf3 10. gxf3 Qd7 11. Bb5 a6 12. Ba4 b5 13. Nxb5 axb5 14. Bxb5
Ra5 15. a4 Rxb5 16. axb5 Nd8 17. Qd3 Ne7 18. Ra7 Nc8 19. Ra8 O-O 20. Rfa1 Qh3
21. Qc4 Nb6 22. Qxc7 Nxa8 23. Rxa8 Qxf3 24. e5 Qxa8 0-1

[Event "Festival INGEM - PLZEŇ 2012"]
[Site "Plzeň (Česká republika)"]
[Date "2012.08.19"]
[Round "2.1"]
[White "Pokorny, Jiri"]
[Black "Vlasak, Lukas"]
[Result "0-1"]
[WhiteElo "1939"]
[BlackElo "2291"]
[PlyCount "92"]
[EventDate "2012.08.18"]
[Source "ChessBase"]
[SourceDate "1996.11.15"]

1. e4 c5 2. Nf3 d6 3. d4 cxd4 4. Nxd4 Nf6 5. Nc3 Nc6 6. Bg5 e6 7. Bc4 Be7 8.
O-O a6 9. Re1 O-O 10. Nxc6 bxc6 11. e5 dxe5 12. Rxe5 Qc7 13. Re1 Bb7 14. Qe2 c5
15. Rad1 Rfd8 16. Rxd8+ Qxd8 17. Rd1 Qb6 18. b3 h6 19. Bh4 Qc6 20. f3 Re8 21.
Bf2 h5 22. Be3 Rd8 23. Rxd8+ Bxd8 24. Qf2 Be7 25. Qg3 Nd5 26. Nxd5 exd5 27. Bd3
g6 28. Qe5 Bf6 29. Qb8+ Kg7 30. Qf4 d4 31. Qh6+ Kg8 32. Bf4 Qe6 33. Bd2 Bd5 34.
Qf4 Be5 35. Qg5 Bf6 36. Qf4 h4 37. h3 Kg7 38. Qc7 Be7 39. Bxa6 Bd6 40. Qc8 Qe5
41. Qg4 Qh2+ 42. Kf1 Bg3 43. Qg5 Qh1+ 44. Ke2 Qxg2+ 45. Kd1 Qh1+ 46. Ke2 Qxf3#
0-1

[Event "Festival INGEM - PLZEŇ 2012"]
[Site "Plzeň (Česká republika)"]
[Date "2012.08.19"]
[Round "2.2"]
[White "Haba, Zdenek"]
[Black "Kejzlar, Lubos"]
[Result "1-0"]
[WhiteElo "2236"]
[BlackElo "1920"]
[PlyCount "59"]
[EventDate "2012.08.18"]
[Source "ChessBase"]
[SourceDate "1996.11.15"]

1. d4 d6 2. c4 e5 3. d5 f5 4. e4 Nf6 5. exf5 Bxf5 6. Nc3 Be7 7. Nge2 Na6 8. Ng3
Bg6 9. Bd3 Bxd3 10. Qxd3 Nc5 11. Qc2 c6 12. Be3 Ncd7 13. dxc6 bxc6 14. Rd1 Ng4
15. O-O g6 16. Bc1 Qc7 17. b4 Rb8 18. Qe2 Ngf6 19. b5 O-O 20. Nge4 Nxe4 21.
Qxe4 Nf6 22. Qxc6 Qxc6 23. bxc6 Rfc8 24. Nd5 Kf7 25. f4 e4 26. f5 gxf5 27. Rxf5
Rxc6 28. Bg5 Rxc4 29. Nxe7 Kxe7 30. Rxf6 1-0

[Event "Festival INGEM - PLZEŇ 2012"]
[Site "Plzeň (Česká republika)"]
[Date "2012.08.19"]
[Round "2.3"]
[White "Hercik, Josef"]
[Black "Fiala, Jaroslav"]
[Result "1/2-1/2"]
[WhiteElo "1935"]
[BlackElo "2225"]
[PlyCount "57"]
[EventDate "2012.08.18"]
[Source "ChessBase"]
[SourceDate "1996.11.15"]

1. d4 Nf6 2. Nf3 g6 3. Bf4 Bg7 4. h3 d6 5. e3 O-O 6. Bc4 b6 7. Nbd2 Bb7 8. c3
Nbd7 9. O-O e6 10. Qb3 Qe7 11. Bg5 h6 12. Bh4 g5 13. Bg3 e5 14. dxe5 dxe5 15.
Rfe1 Ne4 16. Nxe4 Bxe4 17. Nd2 Bg6 18. e4 Nc5 19. Qc2 Rad8 20. b4 Ne6 21. Rad1
Nf4 22. f3 h5 23. Nf1 c6 24. Rd2 Qf6 25. Rxd8 Rxd8 26. Rd1 Bh6 27. Rxd8+ Qxd8
28. Nd2 Qe7 29. Bf2 1/2-1/2

[Event "Festival INGEM - PLZEŇ 2012"]
[Site "Plzeň (Česká republika)"]
[Date "2012.08.19"]
[Round "2.4"]
[White "Mukashev, Assan"]
[Black "Hajek, Jiri"]
[Result "1-0"]
[WhiteElo "2217"]
[BlackElo "1874"]
[PlyCount "33"]
[EventDate "2012.08.18"]
[Source "ChessBase"]
[SourceDate "1996.11.15"]

1. d4 Nf6 2. Nf3 g6 3. c4 Bg7 4. Nc3 O-O 5. Bg5 d6 6. h3 c5 7. e3 Bf5 8. Qb3
Nc6 9. dxc5 dxc5 10. Be2 Nb4 11. O-O a5 12. Rac1 Ne4 13. Rfd1 Nxc3 14. bxc3 a4
15. Qa3 Qa5 16. Bxe7 b6 17. cxb4 1-0

[Event "Festival INGEM - PLZEŇ 2012"]
[Site "Plzeň (Česká republika)"]
[Date "2012.08.19"]
[Round "2.5"]
[White "Saez Coma, Alejandro"]
[Black "Bartos, Jan"]
[Result "0-1"]
[WhiteElo "1906"]
[BlackElo "2211"]
[PlyCount "38"]
[EventDate "2012.08.18"]
[Source "ChessBase"]
[SourceDate "1996.11.15"]

1. d4 c5 2. c3 Nf6 3. Bf4 e6 4. Nf3 d5 5. e3 Nc6 6. Nbd2 Bd6 7. Bxd6 Qxd6 8.
Bb5 O-O 9. Bxc6 bxc6 10. Nb3 Nd7 11. O-O f6 12. Re1 e5 13. e4 dxe4 14. Rxe4 f5
15. Rh4 e4 16. Ng5 h6 17. Nh3 g5 18. Rh5 Qg6 19. f4 g4 0-1

[Event "Festival INGEM - PLZEŇ 2012"]
[Site "Plzeň (Česká republika)"]
[Date "2012.08.19"]
[Round "2.6"]
[White "Sura, Jaroslav"]
[Black "Maly, Antonin"]
[Result "1-0"]
[WhiteElo "2123"]
[BlackElo "1847"]
[PlyCount "65"]
[EventDate "2012.08.18"]
[Source "ChessBase"]
[SourceDate "1996.11.15"]

1. e4 g6 2. d4 Bg7 3. f4 c6 4. Nf3 d5 5. e5 h5 6. Bd3 Nh6 7. Be3 Bf5 8. Nc3
Bxd3 9. Qxd3 e6 10. Ne2 Nf5 11. Bf2 h4 12. h3 Nd7 13. Qc3 Rc8 14. b4 Nb6 15.
O-O Nc4 16. Nd2 Nxd2 17. Qxd2 Bf8 18. Kh2 Be7 19. Ng1 g5 20. c3 Rg8 21. a4 Kd7
22. b5 g4 23. hxg4 Rxg4 24. Nh3 Qg8 25. Rg1 Ng3 26. Bxg3 hxg3+ 27. Kh1 Qh7 28.
Rgb1 Rh8 29. bxc6+ Kxc6 30. Qe2 Rh4 31. Qb5+ Kc7 32. Qxb7+ Kd8 33. Qb8+ 1-0

[Event "Festival INGEM - PLZEŇ 2012"]
[Site "Plzeň (Česká republika)"]
[Date "2012.08.19"]
[Round "2.9"]
[White "Simacek, Vaclav"]
[Black "Smilek, Petr"]
[Result "0-1"]
[WhiteElo "1829"]
[BlackElo "1991"]
[PlyCount "72"]
[EventDate "2012.08.18"]
[Source "ChessBase"]
[SourceDate "1996.11.15"]

1. e4 c5 2. Nc3 g6 3. f4 Bg7 4. Nf3 d6 5. Bc4 Nc6 6. O-O e6 7. d3 Nge7 8. Be3
d5 9. exd5 exd5 10. Bxd5 Nxd5 11. Bxc5 Nxc3 12. bxc3 Bxc3 13. Qe2+ Be6 14. Rab1
b6 15. Ng5 Nd4 16. Bxd4 Qxd4+ 17. Kh1 O-O 18. Nxe6 fxe6 19. Qxe6+ Kh8 20. Qe4
Qxe4 21. dxe4 Rad8 22. Rf3 Bd4 23. g3 Bc5 24. Rd3 Rd4 25. e5 Rfd8 26. Rbd1 Kg7
27. Kg2 Kf7 28. Kf3 Ke6 29. h3 a5 30. h4 h5 31. g4 a4 32. gxh5 gxh5 33. Ke2 Kf5
34. Rg1 Rxd3 35. Rg5+ Kxf4 36. cxd3 Re8 0-1

[Event "Festival INGEM - PLZEŇ 2012"]
[Site "Plzeň (Česká republika)"]
[Date "2012.08.19"]
[Round "2.10"]
[White "Lorenc, David"]
[Black "Cecil, Pavel"]
[Result "1/2-1/2"]
[WhiteElo "1699"]
[BlackElo "1965"]
[PlyCount "35"]
[EventDate "2012.08.18"]
[Source "ChessBase"]
[SourceDate "1996.11.15"]

1. e4 e6 2. d4 d5 3. exd5 exd5 4. Bd3 Bd6 5. h3 Ne7 6. Nf3 Bf5 7. O-O O-O 8.
Re1 Bxd3 9. Qxd3 Qd7 10. Nc3 c6 11. Ne2 Na6 12. c3 Qf5 13. Qxf5 Nxf5 14. g4 Ne7
15. Bf4 Bc7 16. Bxc7 Nxc7 17. Nf4 Rfe8 18. Nd3 1/2-1/2

[Event "Festival INGEM - PLZEŇ 2012"]
[Site "Plzeň (Česká republika)"]
[Date "2012.08.19"]
[Round "2.12"]
[White "Neuman, Petr"]
[Black "Kalista, Karel"]
[Result "1-0"]
[WhiteElo "2476"]
[BlackElo "1891"]
[PlyCount "55"]
[EventDate "2012.08.18"]
[Source "ChessBase"]
[SourceDate "1996.11.15"]

1. c4 e5 2. e3 Nf6 3. Nc3 d5 4. cxd5 Nxd5 5. Nf3 Nc6 6. Bb5 Nxc3 7. bxc3 Bd6 8.
d4 Bd7 9. e4 exd4 10. cxd4 Bb4+ 11. Bd2 O-O 12. O-O Bxd2 13. Qxd2 Qe7 14. Qf4
a6 15. Bd3 Nb4 16. Bb1 Bb5 17. Rc1 Rac8 18. Qe3 a5 19. Rc5 c6 20. a3 Na6 21.
Rh5 g6 22. Rh3 Bc4 23. Ng5 h5 24. Rg3 Nc7 25. f4 Kh8 26. Nf3 Rg8 27. f5 Rg7 28.
Ne5 1-0

[Event "Festival INGEM - PLZEŇ 2012"]
[Site "Plzeň (Česká republika)"]
[Date "2012.08.19"]
[Round "2.13"]
[White "Vecera, Petr"]
[Black "Plischki, Sebastian"]
[Result "0-1"]
[WhiteElo "1986"]
[BlackElo "2365"]
[PlyCount "52"]
[EventDate "2012.08.18"]
[Source "ChessBase"]
[SourceDate "1996.11.15"]

1. e4 g6 2. d4 Bg7 3. Nf3 d6 4. Bc4 Nf6 5. Qe2 O-O 6. O-O Nc6 7. h3 Nd7 8. c3
e5 9. Be3 Qe7 10. Nbd2 Re8 11. Rae1 Nd8 12. dxe5 dxe5 13. Nb3 Ne6 14. Rd1 a5
15. Bxe6 Qxe6 16. Rd2 a4 17. Nc1 Qc6 18. Nd3 Qxe4 19. Ng5 Qc4 20. Nc1 Qxe2 21.
Nxe2 h6 22. Ne4 f5 23. Nc5 Nf6 24. f3 b6 25. Nd3 Bb7 26. f4 Bd5 0-1

[Event "Festival INGEM - PLZEŇ 2012"]
[Site "Plzeň (Česká republika)"]
[Date "2012.08.19"]
[Round "2.14"]
[White "Kireev, Aleksei"]
[Black "Zoubek, Vladimir"]
[Result "1-0"]
[WhiteElo "2345"]
[BlackElo "1659"]
[PlyCount "59"]
[EventDate "2012.08.18"]
[Source "ChessBase"]
[SourceDate "1996.11.15"]

1. d4 d5 2. Bg5 Nc6 3. e3 a6 4. Nf3 h6 5. Bh4 Bf5 6. Bd3 Qd7 7. O-O f6 8. Bg3
Bxd3 9. Qxd3 f5 10. c4 Nf6 11. Ne5 Nxe5 12. Bxe5 dxc4 13. Qxc4 Nd5 14. Nc3 Nxc3
15. bxc3 c6 16. e4 fxe4 17. Rfe1 Qd5 18. Qe2 Rg8 19. c4 Qf7 20. Rab1 b5 21.
Qxe4 Rc8 22. Rec1 Qe6 23. d5 cxd5 24. cxd5 Rxc1+ 25. Rxc1 Qb6 26. Rc8+ Kd7 27.
Qf5+ e6 28. dxe6+ Kxc8 29. e7+ Kb7 30. Qd7+ 1-0

[Event "Festival INGEM - PLZEŇ 2012"]
[Site "Plzeň (Česká republika)"]
[Date "2012.08.19"]
[Round "2.15"]
[White "Palkova, Hana"]
[Black "Piankov, Evgenij"]
[Result "0-1"]
[WhiteElo "1971"]
[BlackElo "2338"]
[PlyCount "56"]
[EventDate "2012.08.18"]
[Source "ChessBase"]
[SourceDate "1996.11.15"]

1. d4 Nf6 2. c4 g6 3. Nc3 d5 4. e3 Bg7 5. Nf3 O-O 6. Be2 dxc4 7. O-O c5 8. Bxc4
Bg4 9. Be2 cxd4 10. exd4 Nc6 11. Be3 Nd5 12. Qb3 Nxe3 13. fxe3 Bh6 14. Nd1 Qb6
15. Qa3 Rac8 16. h3 Be6 17. Qc5 Qxc5 18. dxc5 Nb4 19. Nd4 Bxa2 20. Rxa2 Nxa2
21. Bf3 Rxc5 22. Bxb7 Nb4 23. Bf3 Nc2 24. Nxc2 Rxc2 25. Bd5 e6 26. Bb3 Rd2 27.
Re1 Bg7 28. Kf1 Rb8 0-1

[Event "Festival INGEM - PLZEŇ 2012"]
[Site "Plzeň (Česká republika)"]
[Date "2012.08.19"]
[Round "2.16"]
[White "Vorobyov, Yrij"]
[Black "Wittenberger, Stefan"]
[Result "1-0"]
[WhiteElo "2254"]
[BlackElo "1601"]
[PlyCount "89"]
[EventDate "2012.08.18"]
[Source "ChessBase"]
[SourceDate "1996.11.15"]

1. Nf3 d5 2. c4 dxc4 3. Qa4+ c6 4. Qxc4 Be6 5. Qc2 Nd7 6. g3 Qb6 7. Bg2 g6 8.
O-O Bg7 9. Nc3 Ngf6 10. d4 Rc8 11. e4 Bc4 12. Rd1 O-O 13. h3 a5 14. Be3 Ba6 15.
Rac1 Rfd8 16. Bg5 h6 17. Be3 c5 18. Na4 Qc6 19. d5 Qb5 20. e5 Ne8 21. Bf1 c4
22. Nc3 Qb4 23. Bd4 b5 24. a3 Qb3 25. Qxb3 cxb3 26. Nxb5 Bb7 27. Bc3 a4 28. Na7
Rc5 29. Nc6 Bxc6 30. dxc6 Rxc6 31. Bb5 Rc7 32. Ba5 Rxc1 33. Rxc1 Nxe5 34. Bxd8
Nxf3+ 35. Kg2 Bxb2 36. Rb1 Nd4 37. Bxe8 Bxa3 38. Bxa4 b2 39. Ba5 Ne2 40. Bd1
Nc1 41. Bc3 Nd3 42. Bc2 Bb4 43. Bxb4 Nxb4 44. Rxb2 Nxc2 45. Rxc2 1-0